00174nam a2200073Ia 4500020001900000100001900019245002100038008004100059 a9781422220399" aMILLER MALINDA 0aMODERN MECHANICS210805s9999 xx 000 0 und d